| 000 | 00538nam a2200169 i 4500 | ||
|---|---|---|---|
| 001 | 39234 | ||
| 003 | ES-MaACL | ||
| 005 | 20230906155922.0 | ||
| 007 | t| | ||
| 008 | 030227s1978 sp ||||1| spa d | ||
| 100 | 1 |
_aCambre Mariño, Jesús. _934043 |
|
| 245 | 1 | 0 |
_aGalicia, una región desgarrada / _cXesús Cambre Mariño. |
| 260 |
_a[Barcelona] : _bIntitut Catáolic d'Estudis Socials, _c1978. |
||
| 300 |
_a4 h. ; _c24 cm. |
||
| 500 | _aEs separata de : Perspectiva Sociall, v. 7, p. 81-87. | ||
| 852 |
_aES-MaACL _j2106-F-27 _bR.99750 |
||
| 999 |
_c39234 _d39234 |
||